Statistics for Europæiske Hovedstæder

Click here to take the quiz!

General Stats

  • This quiz has been taken 296 times
  • The average score is 22 of 51

Answer Stats

Hint Answer % Correct
DanmarkKøbenhavn
95%
FrankrigParis
86%
ItalienRom
84%
HollandAmsterdam
81%
GrækenlandAthen
78%
IrlandDublin
76%
NorgeOslo
75%
FinlandHelsinki
70%
LuxembourgLuxembourg
66%
RuslandMoskva
61%
BulgarienSofia
59%
AlbanienTirana
55%
BelgienBruxelles
55%
SpanienMadrid
54%
MonacoMonaco
52%
IslandReykjavik
51%
StorbritannienLondon
50%
HvideruslandMinsk
49%
TysklandBerlin
49%
LetlandRiga
49%
SverigeStockholm
49%
PortugalLissabon
48%
KroatienZagreb
47%
SchweizBern
41%
EstlandTallinn
39%
CypernNicosia
37%
LitauenVilnius
37%
Bosnien-HercegovinaSarajevo
36%
LiechtensteinVaduz
34%
AndorraAndorra La Vella
34%
AserbajdsjanBaku
33%
TjekkietPrag
32%
San MarinoSan Marino
32%
KasakhstanAstana
32%
ØstrigWien
30%
MakedonienSkopje
30%
MaltaValletta
28%
TyrkietAnkara
28%
KosovoPristina
26%
MoldovaChisinau
23%
GeorgienTbilisi
23%
RumænienBukarest
22%
SerbienBeograd
22%
SlovakietBratislava
22%
UngarnBudapest
22%
ArmenienYerevan
21%
PolenWarszawa
21%
VatikanstatenVatikanet
21%
UkraineKiev
20%
MontenegroPodgorica
19%
SlovenienLjubljana
14%

Score Distribution

Percentile by Number Answered

Percent of People with Each Score

Your Score History

You have not taken this quiz